000 00640cam a2200205 a 4500
001 3562817
005 20250117122530.0
008 981016s1999 njuab b 001 0 eng
020 _a9780139207112
050 0 0 _aQR46
_b.C877 1999
082 0 0 _a616/.01
_221
100 1 _aBlack, Jacquelyn G.
245 1 0 _aMicrobiology :
_bprinciples and explorations /
_cJacquelyn G. Black.
250 _a4th ed.
260 _aUpper Saddle River, N.J. :
_bPrentice Hall,
_cc1999.
300 _a1 v. (various pagings) :
_bill. (some col.), col. maps ;
_c27 cm.
650 0 _aMedical microbiology.
650 0 _aMicrobiology.
942 _2lcc
_cBK
_e4th ed.
_n0
999 _c2623
_d2623